LEADER 00788nam 2200169z- 450 001 9910712178603321 035 $a(CKB)5470000002490323 035 $a(EXLCZ)995470000002490323 100 $a20230509c2018uuuu -u- - 101 0 $aeng 200 00$aExploratory Advanced Research Program : the role of artificial intelligence and machine learning in federally supported surface transportation initiatives 210 $aWashington, D.C$cU.S. Department of Transportation, Federal Highway Administration 517 $aExploratory Advanced Research Program 906 $aBOOK 912 $a9910712178603321 996 $aExploratory Advanced Research Program : the role of artificial intelligence and machine learning in federally supported surface transportation initiatives$93304065 997 $aUNINA